[Event "Verbandsliga Nordbaden 2324"]
[Site "Baden"]
[Date "2023.10.15"]
[Round "2.5"]
[White "Wiesner, Frank"]
[Black "Welz, Thomas"]
[Result "0-1"]
[WhiteElo "2061"]
[BlackElo "2170"]
[PlyCount "106"]
[EventDate "2023.09.24"]
[EventType "team-tourn"]
[EventRounds "9"]
[EventCountry "GER"]
[SourceTitle "EXT 2025"]
[Source "ChessBase"]
[SourceDate "2024.10.14"]
[SourceVersion "1"]
[SourceVersionDate "2024.10.14"]
[SourceQuality "1"]
[WhiteTeam "Karlsruhe II"]
[BlackTeam "Eppingen II"]
[WhiteTeamCountry "GER"]
[BlackTeamCountry "GER"]

1. d4 d5 2. c4 c6 3. Nf3 Nf6 4. Nc3 e6 5. cxd5 exd5 6. Bg5 Bf5 7. e3 Qb6 8. Qb3 Nbd7 9. Qxb6 axb6 10. Nh4 Be6 11. Bd3 h6 12. Bxf6 Nxf6 13. 0-0 b5 14. a3 Be7 15. Nf5 Bf8 16. f3 g6 17. Ng3 Be7 18. e4 0-0 19. e5 Nd7 20. f4 f5 21. Nge2 Kg7 22. g3 Nb6 23. Kf2 Nc4 24. Bxc4 bxc4 25. a4 Ra6 26. Rab1 Rb6 27. Ke3 Ra8 28. b3 cxb3 29. Nc1 b2 30. Nd3 Ba3 31. Kd2 Raa6 32. Kc2 Bc8 33. Nxb2 Rb4 34. Rfd1 Rab6 35. Nd3 Rxb1 36. Rxb1 Rxb1 37. Nxb1 Be7 38. Kb3 b6 39. a5 c5 40. Kc3 cxd4+ 41. Kxd4 bxa5 42. Nc5 g5 43. Kxd5 Kg6 44. Nc3 Kh5 45. Kc6 gxf4 46. gxf4 Kg4 47. Nd5 Bxc5 48. Kxc5 a4 49. Kd6 a3 50. e6 Bxe6 51. Kxe6 a2 52. Ne3+ Kxf4 53. Nc2 Ke4 0-1

[Event "Verbandsliga Nordbaden 1920"]
[Site "Baden"]
[Date "2020.01.12"]
[Round "4.3"]
[White "Wiesner, Frank"]
[Black "Nekrasov, Mihail"]
[Result "0-1"]
[WhiteElo "2061"]
[BlackElo "2272"]
[PlyCount "48"]
[EventDate "2019.09.29"]
[EventType "team-tourn"]
[EventRounds "9"]
[EventCountry "GER"]
[SourceTitle "EXT 2021"]
[Source "ChessBase"]
[SourceDate "2020.10.23"]
[SourceVersion "1"]
[SourceVersionDate "2020.10.23"]
[SourceQuality "1"]
[WhiteTeam "Karlsruhe II"]
[BlackTeam "Hockenheim II"]
[WhiteTeamCountry "GER"]
[BlackTeamCountry "GER"]

1. d4 Nf6 2. c4 e6 3. Nc3 Bb4 4. e3 0-0 5. Nge2 Re8 6. a3 Bf8 7. Nf4 d6 8. Be2 e5 9. dxe5 dxe5 10. Qxd8 Rxd8 11. Nfd5 Ne8 12. 0-0 c6 13. Nb4 Be6 14. Rd1 Rxd1+ 15. Nxd1 Nd7 16. Bd2 Nc5 17. Nc3 Nd6 18. Rd1 Nxc4 19. Bxc4 Bxc4 20. e4 Rd8 21. Be3 Rxd1+ 22. Nxd1 a5 23. Bxc5 Bxc5 24. Nc2 Bd3 0-1

[Event "Verbandsliga Nordbaden 1920"]
[Site "Baden"]
[Date "2019.12.01"]
[Round "3.2"]
[White "Wiesner, Frank"]
[Black "Neidig, Stefan"]
[Result "1/2-1/2"]
[WhiteElo "2061"]
[BlackElo "2227"]
[PlyCount "42"]
[EventDate "2019.09.29"]
[EventType "team-tourn"]
[EventRounds "9"]
[EventCountry "GER"]
[SourceTitle "EXT 2021"]
[Source "ChessBase"]
[SourceDate "2020.10.23"]
[SourceVersion "1"]
[SourceVersionDate "2020.10.23"]
[SourceQuality "1"]
[WhiteTeam "Karlsruhe II"]
[BlackTeam "Ladenburg"]
[WhiteTeamCountry "GER"]
[BlackTeamCountry "GER"]

1. d4 Nf6 2. c4 e6 3. Nc3 Bb4 4. e3 b6 5. Nge2 0-0 6. a3 Be7 7. e4 Ba6 8. Ng3 d6 9. Bd3 e5 10. d5 Bc8 11. 0-0 Ne8 12. Be3 g6 13. Qd2 Ng7 14. Nge2 f5 15. exf5 Nxf5 16. Bxf5 Bxf5 17. Ng3 Nd7 18. Nge4 Nf6 19. f3 Bxe4 20. Nxe4 Nxe4 21. fxe4 Qd7 1/2-1/2

[Event "Verbandsliga Nordbaden 1920"]
[Site "Baden"]
[Date "2019.11.10"]
[Round "2.2"]
[White "Schwalfenberg, Joerg"]
[Black "Wiesner, Frank"]
[Result "1/2-1/2"]
[WhiteElo "2298"]
[BlackElo "2061"]
[PlyCount "94"]
[EventDate "2019.09.29"]
[EventType "team-tourn"]
[EventRounds "9"]
[EventCountry "GER"]
[SourceTitle "EXT 2021"]
[Source "ChessBase"]
[SourceDate "2020.10.23"]
[SourceVersion "1"]
[SourceVersionDate "2020.10.23"]
[SourceQuality "1"]
[WhiteTeam "Heidelberg"]
[BlackTeam "Karlsruhe II"]
[WhiteTeamCountry "GER"]
[BlackTeamCountry "GER"]

1. Nf3 d5 2. d4 Nf6 3. c4 e6 4. g3 Be7 5. Bg2 0-0 6. 0-0 Nbd7 7. c5 Ne4 8. b4 Bf6 9. Bb2 a5 10. a3 axb4 11. axb4 Rxa1 12. Bxa1 c6 13. Ne5 Bxe5 14. dxe5 f5 15. exf6 Nexf6 16. e4 Nxe4 17. Bxe4 dxe4 18. Qe2 Nf6 19. Rd1 Nd5 20. Qxe4 Qg5 21. Nc3 Nxc3 22. Bxc3 Qf5 23. Qxf5 exf5 24. Be5 Re8 25. f4 Kf7 26. Kf2 g6 27. Ke3 Re7 28. Ra1 Be6 29. Bd6 Re8 30. Ra7 Bc8+ 31. Be5 Ke6 32. Kd4 h5 33. h4 Rd8+ 34. Bd6 Re8 35. Kc4 Kd7 36. Be5 Re6 37. Ra8 Re8 38. Ra3 Ke6 39. Ra7 Kd7 40. b5 cxb5+ 41. Kxb5 Re6 42. Ra3 Ke8 43. Ra8 Kd7 44. Ra3 Ke8 45. Ra8 Kd7 46. Kc4 Ra6 47. Rxa6 bxa6 1/2-1/2

[Event "Staufer op-B 28th"]
[Site "Schwaebisch Gmuend"]
[Date "2016.01.04"]
[Round "5"]
[White "Waibel, Rainer"]
[Black "Wiesner, Frank"]
[Result "0-1"]
[WhiteElo "1800"]
[BlackElo "1897"]
[PlyCount "46"]
[EventDate "2016.01.02"]
[EventType "swiss"]
[EventRounds "9"]
[EventCountry "GER"]
[SourceTitle "CBM 170 Extra"]
[Source "ChessBase"]
[SourceDate "2016.02.25"]
[SourceVersion "1"]
[SourceVersionDate "2016.02.25"]
[SourceQuality "1"]

1. c4 c5 2. Nc3 Nc6 3. Nf3 e5 4. g3 d6 5. Bg2 g6 6. d3 Bg7 7. Bd2 Nge7 8. Qc1 Nf5 9. e4 Nfd4 10. Nxd4 Nxd4 11. Ne2 Nxe2 12. Kxe2 Bg4+ 13. f3 Bd7 14. Bh6 Bxh6 15. Qxh6 Qb6 16. Rhb1 0-0-0 17. Bh3 f5 18. Qd2 Kb8 19. exf5 gxf5 20. b4 Qc7 21. a4 e4 22. fxe4 fxe4 23. dxe4 Bxh3 0-1

[Event "Verbandsliga Nord Baden 1314"]
[Site "Germany"]
[Date "2014.01.12"]
[Round "4.8"]
[White "Wiesner, Frank"]
[Black "Oden, Edgar"]
[Result "1/2-1/2"]
[WhiteElo "2020"]
[BlackElo "2008"]
[PlyCount "52"]
[EventDate "2013.10.20"]
[EventType "team-tourn"]
[EventRounds "9"]
[EventCountry "GER"]
[SourceTitle "EXT 2015"]
[Source "ChessBase"]
[SourceDate "2014.11.20"]
[SourceVersion "1"]
[SourceVersionDate "2014.11.20"]
[SourceQuality "1"]
[WhiteTeam "Karlsruhe II"]
[BlackTeam "Bad Mergentheim II"]
[WhiteTeamCountry "GER"]
[BlackTeamCountry "GER"]

1. d4 Nf6 2. c4 e6 3. Nc3 d5 4. cxd5 exd5 5. Bg5 Be7 6. e3 0-0 7. Bd3 c6 8. Qc2 h6 9. Bf4 Be6 10. Nge2 Qb6 11. 0-0 Na6 12. a3 c5 13. Na4 Qc6 14. Bxa6 Qxa6 15. Nxc5 Qc6 16. Qa4 Qxa4 17. Nxa4 Ne4 18. Rfc1 Rac8 19. Rxc8 Rxc8 20. Rc1 Rxc1+ 21. Nxc1 Bd7 22. Nc5 Nxc5 23. dxc5 Bxc5 24. Nb3 Be7 25. Nd4 f5 26. Be5 Kf7 1/2-1/2

[Event "Verbandsliga Nord Baden 1213"]
[Site "Baden"]
[Date "2013.01.27"]
[Round "5.8"]
[White "Wiesner, Frank"]
[Black "Thier, Juergen"]
[Result "0-1"]
[WhiteElo "2015"]
[BlackElo "2104"]
[PlyCount "62"]
[EventDate "2012.10.21"]
[EventType "team-tourn"]
[EventRounds "9"]
[EventCountry "GER"]
[SourceTitle "EXT 2014"]
[Source "ChessBase"]
[SourceDate "2013.11.20"]
[SourceVersion "1"]
[SourceVersionDate "2013.11.20"]
[SourceQuality "1"]
[WhiteTeam "Karlsruhe II"]
[BlackTeam "Eppingen II"]
[WhiteTeamCountry "GER"]
[BlackTeamCountry "GER"]

1. d4 d5 2. c4 c6 3. Nf3 Nf6 4. Nc3 e6 5. e3 Nbd7 6. Qc2 Bd6 7. Be2 dxc4 8. Bxc4 b5 9. Bd3 Bb7 10. a3 0-0 11. Ng5 c5 12. Nxb5 Be7 13. Nxh7 Rc8 14. Nxf8 Nxf8 15. 0-0 cxd4 16. Qe2 e5 17. exd4 exd4 18. Nxa7 Rc5 19. Nb5 Ne6 20. Bd2 Qb8 21. f3 Rh5 22. g3 Nd5 23. a4 Ne3 24. Bxe3 dxe3 25. Be4 Ba6 26. f4 Rh6 27. Rfd1 Nc5 28. Qf3 Nxe4 29. Qxe4 Re6 30. Qc4 e2 31. Re1 Qb6+ 0-1

[Event "Deizisau op 4th"]
[Site "Deizisau"]
[Date "2009.11.01"]
[Round "6"]
[White "Wiesner, Frank"]
[Black "Brodbeck, Stefan"]
[Result "0-1"]
[WhiteElo "1969"]
[BlackElo "2215"]
[PlyCount "76"]
[EventDate "2009.10.29"]
[EventType "swiss"]
[EventRounds "7"]
[EventCountry "GER"]
[SourceTitle "EXT 2010"]
[Source "ChessBase"]
[SourceDate "2010.11.25"]
[SourceVersion "1"]
[SourceVersionDate "2010.11.25"]
[SourceQuality "1"]

1. c4 Nf6 2. Nf3 g6 3. d4 Bg7 4. Nc3 0-0 5. e3 d6 6. Be2 Nbd7 7. 0-0 e5 8. Qc2 c6 9. dxe5 dxe5 10. b3 Qa5 11. Bb2 Re8 12. Rfd1 e4 13. Nd2 Qf5 14. Nf1 Ng4 15. Bxg4 Qxg4 16. Ng3 f5 17. Nce2 Ne5 18. Rd6 Be6 19. Nf4 Bf7 20. Rad1 Qh4 21. R1d2 Rad8 22. Qd1 Rxd6 23. Rxd6 Bf8 24. Bxe5 Rxe5 25. Rd7 Re7 26. Qd4 Rxd7 27. Qxd7 Qe7 28. Qc8 a5 29. h3 a4 30. Nfe2 Be6 31. Qa8 Qb4 32. Nd4 Bf7 33. h4 c5 34. Nb5 axb3 35. axb3 Qxb3 36. Nd6 Qd1+ 37. Kh2 Qxd6 38. Qxb7 Qe7 0-1

[Event "Boeblingen op 23rd"]
[Site "Boeblingen"]
[Date "2006.12.26"]
[Round "1"]
[White "Wiesner, Frank"]
[Black "Ackermann, Hans Werner"]
[Result "0-1"]
[WhiteElo "1909"]
[BlackElo "2339"]
[PlyCount "94"]
[EventDate "2006.12.26"]
[EventType "swiss"]
[EventRounds "9"]
[EventCountry "GER"]
[SourceTitle "CBM 116 Extra"]
[Source "ChessBase"]
[SourceDate "2007.03.07"]
[SourceVersion "1"]
[SourceVersionDate "2007.03.07"]
[SourceQuality "1"]

1. c4 Nf6 2. Nc3 c5 3. e4 Nc6 4. d3 g6 5. Be2 Bg7 6. Be3 d6 7. h3 Nd4 8. Nf3 Nd7 9. Qd2 a6 10. Bd1 h6 11. 0-0 e6 12. Nh2 Ne5 13. f4 Nec6 14. Ba4 Bd7 15. Rae1 Qa5 16. f5 b5 17. f6 Bf8 18. Bd1 b4 19. Ne2 Qxa2 20. Nf3 e5 21. Ng3 Qa5 22. Nh4 0-0-0 23. Qf2 Kb7 24. Bf3 Ra8 25. Ra1 Qd8 26. Bxd4 Nxd4 27. Bg4 Bc6 28. Ne2 Nb3 29. Rad1 h5 30. Bf3 Qxf6 31. d4 cxd4 32. Nxd4 Nxd4 33. Rxd4 Be7 34. Qd2 a5 35. Rd5 Qg5 36. Qd3 Qxh4 37. c5 dxc5 38. Be2 Kb6 39. Rxf7 Qg5 40. Rd7 Qc1+ 41. Kh2 c4 42. Qf3 Bc5 43. Rd1 Qc2 44. Rdd7 Rhf8 45. Bd1 Qxe4 46. Qg3 Bxd7 47. Rxd7 Qf4 0-1